000 00213 a2200097 4500
001 43703
100 _aWeston
245 _aA Mannal of good English
260 _aLondon
_bGeorge newness
_c
090 _c27481
_d27481
942 _aNUST-CAE
_cM
_c19426
999 _c278776
_d278776